[Event "HCL-C4190"]
[Site "www.playchess.de"]
[Date "2006.03.29"]
[Round "26"]
[White "epenz"]
[Black "aussie"]
[WhiteElo "937"]
[BlackElo "1064"]
[PlyCount "85"]
[Result "1-0"]

1.e4 c5 2.Nf3 Nc6 3.Bc4 e6 4.d3 a6 5.Nc3 g6 6.O-O 
Bg7 7.Be3 b5 8.Bb3 d6 9.a3 Nge7 10.Qd2 O-O 11.Bh6 
Kh8 12.Bxg7+ Kxg7 13.Rfe1 Bb7 14.Ne2 e5 15.Ng3 Bc8 
16.Bd5 Nxd5 17.exd5 Nd4 18.Nxd4 exd4 19.c3 Bb7 
20.c4 Qf6 21.b4 Rfe8 22.Rxe8 Rxe8 23.Re1 Rxe1+ 
24.Qxe1 Qe5 25.Kf1 f5 26.f3 Qe3 27.Qxe3 dxe3 28.f4 
h6 29.Ke2 Kf6 30.Kxe3 Bc8 31.d4 cxd4+ 32.Kxd4 Bb7 
33.c5 Ke7 34.Ne2 dxc5+ 35.bxc5 a5 36.c6 Bc8 37.Kc5 
b4 38.d6+ Ke6 39.axb4 axb4 40.c7 Kd7 41.Nd4 Bb7 
42.g3 Be4 43.Kxb4 1-0

[Event "HCL-E1619"]
[Site "www.playchess.de"]
[Date "2006.03.29"]
[Round "1"]
[White "Horst"]
[Black "PhilipKaveny"]
[WhiteElo "1836"]
[BlackElo "1422"]
[PlyCount "35"]
[Result "1-0"]

1.e4 g6 2.d4 d6 3.Be2 Bg7 4.h4 c5 5.dxc5 Qa5+ 
6.Bd2 Qxc5 7.Bc3 e5 8.Qd3 Nf6 9.Nd2 Ng4 10.Nh3 O-O 
11.Nb3 Qc7 12.Rd1 Na6 13.Qxd6 Be6 14.O-O Bxb3 
15.Bxa6 Qb6 16.Qxb6 axb6 17.Be2 Bxc2 
18.Rd2 1-0

[Event "HCL-A2612"]
[Site "www.playchess.de"]
[Date "2006.03.29"]
[Round "11"]
[White "gridguy"]
[Black "XANDERKIRV"]
[WhiteElo "1596"]
[BlackElo "1489"]
[PlyCount "67"]
[Result "1/2-1/2"]

1.d4 d5 2.c4 e6 3.Nc3 Nf6 4.Bg5 c6 5.e3 h6 6.Bh4 
Be7 7.Bd3 Nfd7 8.Bg3 O-O 9.Nf3 dxc4 10.Bxc4 b5 
11.Bd3 Bb7 12.O-O Nf6 13.Ne5 Nbd7 14.Qc2 Nxe5 
15.Bxe5 Bd6 16.Bxd6 Qxd6 17.Ne4 Nxe4 18.Bxe4 f5 
19.Bf3 g5 20.g3 Rac8 21.Rac1 Rf7 22.Qc5 Qxc5 
23.dxc5 Rd7 24.Rfd1 Rcd8 25.Rxd7 Rxd7 26.Rd1 Rxd1+ 
27.Bxd1 g4 28.h3 gxh3 29.Kh2 Kg7 30.b4 Kf6 31.f4 
Bc8 32.a4 a6 33.Kxh3 Kg6 34.Kh4 {(offering draw)} 
 1/2-1/2

[Event "HCL-M880"]
[Site "www.playchess.de"]
[Date "2006.03.29"]
[Round "8"]
[White "suffix"]
[Black "ETC_Chess"]
[WhiteElo "2178"]
[BlackElo "2164"]
[PlyCount "65"]
[Result "1/2-1/2"]

1.d4 {Hi again !}  e6 {Hello again and Happy New 
Year!}  2.Bf4 {Thanks and ou too !}  Nf6 3.e3 d5 
4.Nf3 Bd6 5.Bg3 O-O 6.c3 b6 7.Nbd2 c5 8.Bd3 Ba6 
9.Bxa6 Nxa6 10.Qe2 Nc7 11.Ne5 Rc8 12.Bh4 Nce8 
13.f4 Be7 14.O-O Nd7 15.Bxe7 Qxe7 16.Qh5 Ndf6 
17.Qh4 Nd6 18.g4 Qe8 19.Rf2 Nfe4 20.Nxe4 Nxe4 
21.Rg2 a5 22.g5 a4 23.a3 Qb5 24.Rf1 Qb3 25.Qg4 Rc7 
26.Qe2 Rfc8 27.Rf3 Nxc3 28.bxc3 cxd4 29.exd4 R7xc3 
30.Rxc3 Qxc3 31.Rf2 Qxd4 32.Kg2 Qc5 33.Qa6 
{(offering draw)}  1/2-1/2

[Event "HCL-C4095"]
[Site "www.playchess.de"]
[Date "2006.03.29"]
[Round "5"]
[White "alauddin"]
[Black "Milosforman"]
[WhiteElo "977"]
[BlackElo "962"]
[PlyCount "50"]
[Result "0-1"]

1.d4 {Hello again!}  d5 2.Nf3 Bg4 3.Qd3 Bxf3 
4.Qxf3 e6 5.Bf4 Bd6 6.e3 Bxf4 7.exf4 Nf6 8.Nc3 Nc6 
9.f5 O-O 10.Be2 Nxd4 11.Qf4 Nxc2+ 12.Kd2 Nxa1 
13.Rxa1 d4 14.Nb5 c5 15.fxe6 fxe6 16.Nc7 Nd5 
17.Qe5 Rf5 18.Qxe6+ Rf7 19.Bh5 Qg5+ 20.Ke1 Qxh5 
21.Nxa8 Qf5 22.Qxf5 Rxf5 23.Rc1 Nf4 24.Kd1 Nxg2 
25.Ke2 Nf4+ 0-1

[Event "HCL-C4095"]
[Site "www.playchess.de"]
[Date "2006.03.29"]
[Round "6"]
[White "Milosforman"]
[Black "alauddin"]
[WhiteElo "962"]
[BlackElo "977"]
[PlyCount "49"]
[Result "1-0"]

1.d4 d5 2.c4 dxc4 3.e3 Nf6 4.Bxc4 Nc6 5.d5 Ne5 
6.Bb3 b6 7.f4 Neg4 8.h3 Nh6 9.g4 Ne4 10.Ne2 Qd6 
11.Nbc3 Nc5 12.e4 e6 13.g5 Ng8 14.e5 Qd7 15.Bc4 
Bb7 16.Rf1 O-O-O 17.dxe6 fxe6 18.Nd4 Ba6 19.Bxa6+ 
Nxa6 20.Be3 Bc5 21.Ncb5 Kb8 22.Qa4 Qc8 23.Nc6+ Kb7 
24.Ncxa7 Bb4+ 25.Kf2 1-0

[Event "HCL-C4095"]
[Site "www.playchess.de"]
[Date "2006.03.29"]
[Round "9"]
[White "epenz"]
[Black "alauddin"]
[WhiteElo "1024"]
[BlackElo "977"]
[PlyCount "63"]
[Result "1-0"]

1.e4 e5 2.Nf3 Nc6 3.Bc4 a6 4.d3 Nf6 5.O-O Bc5 
6.Nc3 h6 7.h3 Qe7 8.Re1 Nh5 9.a3 d6 10.Nd5 Qd7 
11.Be3 O-O 12.Bxc5 dxc5 13.Nxe5 Nxe5 14.Qxh5 b5 
15.Ba2 Rb8 16.Qxe5 Re8 17.Qf4 Bb7 18.Rad1 c6 
19.Ne3 c4 20.dxc4 Qe7 21.f3 bxc4 22.Nxc4 c5 23.Nd6 
Ref8 24.Nf5 Bc6 25.b3 Qa7 {silly me... but you as 
well, you could have taken my queen...}  26.Qg3 
{oh..yes...it happend...}  c4+ 27.Kh2 g6 28.Nxh6+ 
Kh8 29.b4 Qe7 30.Bxc4 Ba4 31.Re2 Rbc8 
32.Bxa6 1-0

[Event "HCL-C4183"]
[Site "www.playchess.de"]
[Date "2006.03.29"]
[Round "14"]
[White "pytolo98"]
[Black "Grunert"]
[WhiteElo "1199"]
[BlackElo "994"]
[PlyCount "35"]
[Result "1-0"]

1.e4 e5 2.Nf3 d6 3.h3 g6 4.Bc4 h6 5.d3 Bg7 6.Nh2 
a6 7.Qf3 Nf6 8.Nc3 O-O 9.Be3 Nc6 10.a3 Bd7 11.g4 
b5 12.Bd5 Nxd5 13.exd5 Ne7 14.h4 f5 15.gxf5 Bxf5 
16.Qg3 Nc8 17.O-O-O Ne7 18.f4 1-0

[Event "HCL-C4215"]
[Site "www.playchess.de"]
[Date "2006.03.29"]
[Round "18"]
[White "garden"]
[Black "Veltliner"]
[WhiteElo "1119"]
[BlackElo "1200"]
[PlyCount "60"]
[Result "1/2-1/2"]

1.e4 e5 2.f3 Bc5 3.Ne2 Ne7 4.b3 O-O 5.Bb2 d6 6.d4 
Bb4+ 7.c3 Ba5 8.b4 Bb6 9.a4 c6 10.Na3 Be6 11.Ng3 
h6 12.a5 Bc7 13.Bc4 d5 14.Bd3 Ng6 15.O-O Nf4 
16.exd5 Bxd5 17.c4 Nxd3 18.Qxd3 Be6 19.c5 Qh4 
20.dxe5 Qxb4 21.Qc3 Qh4 22.Ne4 Nd7 23.Qb4 Qe7 
24.Qxb7 Nxc5 25.Qxc6 Nxe4 26.Qxe4 Bxa5 27.Nb5 Bb6+ 
28.Kh1 Bd7 29.Nd6 Bc5 30.Ba3 Bxa3 {(offering 
draw)}  1/2-1/2

[Event "HCL-B3935"]
[Site "www.playchess.de"]
[Date "2006.03.29"]
[Round "15"]
[White "pera"]
[Black "RUDI"]
[WhiteElo "1016"]
[BlackElo "1286"]
[PlyCount "66"]
[Result "0-1"]

1.e4 e5 2.Nf3 Nc6 3.Bb5 Bd6 4.Bxc6 dxc6 5.d4 exd4 
6.Nxd4 Ne7 7.Bg5 O-O 8.O-O f6 9.Be3 Be5 10.f4 Bxd4 
11.Bxd4 b6 12.c4 c5 13.Bc3 Bb7 14.e5 fxe5 15.Bxe5 
Ng6 16.Bxg7 Kxg7 17.Qg4 Qd4+ 18.Rf2 Rae8 19.h4 
Re1+ 20.Kh2 Qxf2 21.Qd7+ Rf7 22.Qg4 Rxf4 23.Qd7+ 
Rf7 24.Qd2 Qxd2 25.Nxd2 Rxa1 26.Kg3 Rxa2 27.h5 
{Banzai!}  Ne5 {sorry, what does this mean?}  
28.Kh4 {It's a japanese word that means suicidal 
attack. Technique was used in Second World War.}  
Rxb2 {ah, yes - suicidal is true, but 
attack...only chance would be to enforce a draw 
somehow, I think, that`s what you `re going for.}  
29.Nf1 {allways aim for the victory!}  Rxg2 {I 
like the nordic people}  30.Ne3 {Me too, except 
swedish...}  Rg1 {haha}  31.Kh3 {You have a same 
kind of relationship with French, I believe.}  
Rf3+ {no. I`m just an earthling and most people 
are good guys, no matter where they are from. Some 
few guys are rather crooks, but that`s independent 
from country or race.}  32.Kh2 {Yes, You are quite 
right, of course... Nationalism is not necessarily 
a good idea. There was one guy in Germany who's 
ideas weren't so good... But if You think about it 
as a healthy friendly competition, in my opinion, 
there's no evil in it.}  Rg5 {that`s why we`re 
here today, right. Germany is gonna win today, 
except we`d play ice-hockey...}  33.Ng2 {so 
true... Maybe some day you will learn to play ice 
hockey and I will learn to play chess. But not 
very soon...}  Rf2 0-1

[Event "HCL-B3950"]
[Site "www.playchess.de"]
[Date "2006.03.29"]
[Round "8"]
[White "DominikSpisla"]
[Black "rodolpho_fjr"]
[WhiteElo "1900"]
[BlackElo "1500"]
[PlyCount "32"]
[Result "0-1"]

1.d4 {hi a good game}  Nf6 2.c4 e6 3.Nc3 Bb4 4.Qc2 
c5 5.Nf3 O-O 6.Bg5 h6 7.Bh4 Nc6 8.e3 g5 9.Bg3 cxd4 
10.exd4 d5 11.cxd5 exd5 12.Be2 Re8 13.O-O g4 
14.Ne1 Nxd4 15.Qd3 Bxc3 16.bxc3 
Nxe2+ 0-1

[Event "HCL-A2627"]
[Site "www.playchess.de"]
[Date "2006.03.29"]
[Round "15"]
[White "Snillie"]
[Black "mrchess"]
[WhiteElo "1462"]
[BlackElo "1416"]
[PlyCount "75"]
[Result "1-0"]

1.c4 e5 2.g3 c6 3.Bg2 d5 4.cxd5 cxd5 5.d4 e4 6.Nc3 
Be6 7.Qb3 b6 8.Bd2 Nc6 9.e3 Nf6 10.Rc1 Na5 11.Qc2 
Nc4 12.Nge2 Nxd2 13.Qxd2 Be7 14.O-O O-O 15.Nf4 Bc8 
16.Rfe1 Ba6 17.Bf1 Bxf1 18.Kxf1 Qd7 19.Rc2 Rfc8 
20.Rec1 Rc6 21.Ncxd5 Rxc2 22.Nxe7+ Qxe7 23.Qxc2 g6 
24.a3 Kg7 25.Qc7 Qxc7 26.Rxc7 Kg8 {(offering 
draw)}  27.Ne2 Kf8 28.Nc3 Ke8 29.Kg2 h5 30.f3 
exf3+ 31.Kxf3 Nd7 32.e4 Kd8 33.Nd5 f6 34.Kf4 a5 
35.Rxd7+ Ke8 36.Rg7 g5+ 37.Kf5 Rc8 
38.Rg8+ 1-0

[Event "HCL-C4122"]
[Site "www.playchess.de"]
[Date "2006.03.29"]
[Round "3"]
[White "Metal"]
[Black "DelPiero"]
[WhiteElo "800"]
[BlackElo "1100"]
[PlyCount "53"]
[Result "1-0"]

1.e4 e5 2.d3 b6 3.Nd2 Bb7 4.Ngf3 Na6 5.Nxe5 g6 
6.d4 Bb4 7.c3 Bd6 8.Ng4 Qe7 9.Be2 h5 10.Ne3 Nf6 
11.Bf3 Ng4 12.Bxg4 hxg4 13.Nxg4 f5 14.Ne3 O-O 
15.f3 fxe4 16.O-O Qh4 17.g3 Bxg3 18.hxg3 Qxg3+ 
19.Ng2 exf3 20.Nxf3 Kg7 21.Qe2 Rfh8 22.Bf4 Qh3 
23.Kf2 Raf8 24.Qe5+ Kg8 25.d5 d6 26.Qe4 Nc5 
27.Qxg6+ 1-0

[Event "HCL-E1574"]
[Site "www.playchess.de"]
[Date "2006.03.29"]
[Round "8"]
[White "Jure"]
[Black "Maillard"]
[WhiteElo "1634"]
[BlackElo "1525"]
[PlyCount "46"]
[Result "0-1"]

1.e4 c5 {Bonne partie!}  2.Nf3 {tudi tebi}  e6 
3.d4 cxd4 4.Nxd4 Nc6 5.Nc3 Bb4 6.Ndb5 a6 7.Nd6+ 
Ke7 8.Nxc8+ Rxc8 9.Bd2 Nf6 10.Bd3 h6 11.O-O Ne5 
12.a3 Bxc3 13.Bxc3 Nxd3 14.Qxd3 d6 15.Rad1 Rg8 
16.Bb4 Rc6 17.Rd2 a5 18.Bc3 e5 19.Rfd1 Qc7 20.b4 
Rxc3 21.Qxd6+ Qxd6 22.R2xd6 axb4 23.Rb6 
Rb8 0-1

[Event "HCL-A2653"]
[Site "www.playchess.de"]
[Date "2006.03.29"]
[Round "7"]
[White "mrchess"]
[Black "MimiSiku"]
[WhiteElo "1434"]
[BlackElo "1425"]
[PlyCount "41"]
[Result "1/2-1/2"]

1.e4 e6 2.d4 d5 3.e5 c5 4.c3 Nc6 5.Nf3 a6 6.Bd3 
Qb6 7.Bc2 cxd4 8.cxd4 Bb4+ 9.Bd2 Bxd2+ 10.Nbxd2 
Qxb2 11.Nb3 Qc3+ 12.Qd2 Qxd2+ 13.Nfxd2 Nge7 14.O-O 
O-O 15.Rfc1 b6 16.Bd3 a5 17.Nf3 Nb4 18.Bb5 Ba6 
19.Bxa6 Nxa6 20.a3 Rfc8 21.Kf1 {(offering draw)} 
 1/2-1/2

[Event "HCL-A2653"]
[Site "www.playchess.de"]
[Date "2006.03.29"]
[Round "12"]
[White "MimiSiku"]
[Black "BohdanL"]
[WhiteElo "1425"]
[BlackElo "1472"]
[PlyCount "63"]
[Result "1-0"]

1.e4 d6 2.d4 Nf6 3.Bc4 g6 4.Nc3 c6 5.Nf3 b5 6.Bd3 
{Can you see the message now?}  Bg7 {yes, seems 
problem is solved, i think it was something with 
server, as other people also had this}  7.O-O {I 
know, had it on myself in the past!}  O-O 8.Ne2 
Bg4 9.Ng3 Nbd7 10.h3 Bxf3 11.Qxf3 e5 12.c3 a5 
13.a3 Rb8 14.Bg5 b4 15.Rfb1 h6 16.Bd2 exd4 17.cxb4 
Ne5 18.Qe2 Nxd3 19.Qxd3 axb4 20.Bxb4 c5 21.Bd2 Re8 
22.b4 Qe7 23.f3 d5 24.exd5 Nxd5 25.bxc5 Rxb1+ 
26.Rxb1 Qxc5 27.Ne4 Qc7 28.Bb4 Nf4 29.Qd2 Rb8 
30.Nc5 Qc6 31.Qxf4 {Is this a trick or a blunder?} 
 g5 {blunder, and can be fatal, i considered 
position as more or less draw}  32.Qxb8+ {One 
blunder comes rarely alone... But you're right: It 
seemed to be draw! See you next time.} 
 1-0

[Event "HCL-B3963"]
[Site "www.playchess.de"]
[Date "2006.03.29"]
[Round "3"]
[White "Littlearza"]
[Black "knoppe"]
[WhiteElo "1484"]
[BlackElo "1275"]
[PlyCount "25"]
[Result "1-0"]

1.e4 e5 {Hi, gl from Aarhus, DK}  2.Bc4 Nf6 3.d3 
{Hi, im from Sao Paulo, Good luck}  g6 4.Nf3 d6 
5.Ng5 d5 6.exd5 Nxd5 7.Nxf7 Kxf7 8.Qf3+ Qf6 
9.Bxd5+ Kg7 10.Bh6+ Kxh6 11.Qxf6 Bf5 12.Qxe5 Bd6 
13.Qxh8 1-0

[Event "HCL-A2658"]
[Site "www.playchess.de"]
[Date "2006.03.29"]
[Round "21"]
[White "mrchess"]
[Black "BohdanL"]
[WhiteElo "1432"]
[BlackElo "1472"]
[PlyCount "39"]
[Result "1-0"]

1.d4 {good luck}  d5 {thanks, for you too}  2.e3 
Nc6 3.c3 Nf6 4.Nf3 Bg4 5.Nbd2 a6 6.Bd3 e6 7.Qc2 
Be7 8.O-O O-O 9.Ng5 h6 10.Nh7 Nxh7 11.Bxh7+ Kh8 
12.Bd3 Bd6 13.h3 Bh5 14.f4 Na5 15.g4 Bg6 16.Bxg6 
fxg6 17.Qxg6 Qh4 18.Kh2 Rf6 19.Qd3 Nc4 
20.Nf3 1-0

[Event "HCL-A2665"]
[Site "www.playchess.de"]
[Date "2006.03.29"]
[Round "5"]
[White "victorabiodun03"]
[Black "Ivan_Lacerda"]
[WhiteElo "1638"]
[BlackElo "1261"]
[PlyCount "55"]
[Result "1-0"]

1.f4 c5 2.Nf3 Nc6 3.e3 f5 4.d4 cxd4 5.exd4 d5 6.c3 
b6 7.Bd3 Nf6 8.O-O e6 9.Nbd2 Bd6 10.Ne5 Bxe5 
11.fxe5 Ne4 12.Bb5 Bd7 13.Nxe4 dxe4 14.Qh5+ g6 
15.Qh6 Kf7 16.Bg5 Qf8 17.Bxc6 Bxc6 18.Qxf8+ Rhxf8 
19.g4 Kg7 20.Bf6+ Kf7 21.gxf5 exf5 22.c4 Bb7 23.d5 
a5 24.Bg5 Kg7 25.e6 h6 26.Be3 b5 27.d6 Ra6 
28.e7 1-0

[Event "HCL-A2641"]
[Site "www.playchess.de"]
[Date "2006.03.29"]
[Round "6"]
[White "cliffoliveira"]
[Black "IRONMAIDEN"]
[WhiteElo "1435"]
[BlackElo "1243"]
[PlyCount "65"]
[Result "1-0"]

1.d4 d5 2.c4 Nf6 3.Nf3 Nc6 4.Bg5 e6 5.Nc3 Be7 6.e3 
O-O 7.Be2 a6 8.O-O Ne4 9.Bxe7 Nxe7 10.cxd5 exd5 
11.Nd2 Nxd2 12.Qxd2 Be6 13.Rac1 c6 14.Na4 Bd7 
15.Nc5 Qc7 16.Qb4 b5 17.Nxa6 Qd8 18.Nc5 Be8 19.a3 
Ng6 20.Nb7 Qe7 21.Qxe7 Nxe7 22.Nc5 Ra7 23.Bg4 f5 
24.Be2 Bf7 25.Nd3 Rfa8 26.Ne5 Rc8 27.Rc5 Be6 
28.Rfc1 Raa8 29.Nxc6 Rxc6 30.R5xc6 Nxc6 31.Rxc6 
Bf7 32.Bxb5 Ra7 33.Rc8+ 1-0

[Event "HCL-A2570"]
[Site "www.playchess.de"]
[Date "2006.03.29"]
[Round "4"]
[White "earlyrunner"]
[Black "baldrickisnotthick"]
[WhiteElo "1600"]
[BlackElo "1700"]
[PlyCount "36"]
[Result "0-1"]

1.d4 d5 2.c4 Nc6 3.Nf3 Bg4 4.cxd5 Bxf3 5.dxc6 Bxc6 
6.Nc3 e6 7.a3 Qd6 8.e4 O-O-O 9.Be3 Ne7 10.Be2 Ng6 
11.O-O Be7 12.Qd2 Kb8 13.b4 b6 14.b5 Bb7 15.a4 h5 
16.Rfd1 h4 17.h3 f6 18.f4 f5 0-1

[Event "HCL-A2634"]
[Site "www.playchess.de"]
[Date "2006.03.29"]
[Round "4"]
[White "IRONMAIDEN"]
[Black "Nulnulnix"]
[WhiteElo "1202"]
[BlackElo "1336"]
[PlyCount "71"]
[Result "0-1"]

1.c4 {hello and good game!}  Nf6 {Danke schön ! 
Sind Sie Heavy-Metal-Fan ?}  2.d4 {Auch, aber 
alles, was mir Spaß macht, Blues, Rock, hard, 
heavy, soft... und selber?}  e6 {Ich kam nur durch 
den Nick auf diese Idee..
Ich bin eher ein Fan des älteren Blues}  3.Nc3 
{John Lee Hooker find ich auch super}  d5 {da 
gib's ne Menge aus dieser Zeit. meine Favoriten 
sind die "alten" Songs von Turner, Franklin und 
gelegentlich Waits}  4.e3 {jaja, die gute alte 
Zeit}  a6 {War sie denn so gut ? Oder nur die 
Musik ?}  5.cxd5 {beides...}  Nxd5 6.Nxd5 Qxd5 
7.Nf3 Bd6 8.Be2 Bd7 9.O-O Bb5 10.b3 O-O 11.Bb2 Nd7 
12.Bxb5 axb5 13.Qe2 b6 14.Rfc1 b4 15.Rc2 c5 
16.dxc5 bxc5 17.Rd1 Qc6 18.Rcd2 Bxh2+ 19.Nxh2 Rfd8 
20.Nf3 f6 21.Qc4 Kf7 22.Qf4 Rxa2 23.Ng5+ Kg6 
24.Nh3 h6 25.Qg4+ Kf7 26.Nf4 Ne5 27.Qxe6+ Qxe6 
28.Nxe6 Rxd2 29.Rxd2 Kxe6 30.Kf1 c4 31.f4 Nd3 
32.bxc4 Nxb2 33.c5 b3 34.c6 Nc4 35.c7 Nxd2+ 
36.Ke2 0-1

[Event "HCL-C4242"]
[Site "www.playchess.de"]
[Date "2006.03.29"]
[Round "7"]
[White "aurelian"]
[Black "blomingdale"]
[WhiteElo "800"]
[BlackElo "800"]
[PlyCount "54"]
[Result "0-1"]

1.e4 e5 2.Nf3 Nc6 3.Bc4 Bc5 4.a3 Nf6 5.Ng5 d5 
6.exd5 Nxd5 7.Bxd5 Qxd5 8.O-O f6 9.Nf3 Bg4 10.Nc3 
Qe6 11.h3 Bxf3 12.Qxf3 O-O-O 13.Ne4 Nd4 14.Qd3 Bb6 
15.c3 Nb3 16.Qb1 Nxa1 17.Qxa1 Rd3 18.Qb1 Qd5 
19.Re1 f5 20.Ng5 Rf8 21.b3 h6 22.Nf3 e4 23.c4 Qc5 
24.Nh4 Qxf2+ 25.Kh2 Qg3+ 26.Kh1 Qxe1+ 27.Kh2 
Qg1+ 0-1

[Event "HCL-E1525"]
[Site "www.playchess.de"]
[Date "2006.03.29"]
[Round "8"]
[White "Glomp"]
[Black "Matu"]
[WhiteElo "1598"]
[BlackElo "1538"]
[PlyCount "103"]
[Result "1/2-1/2"]

1.e4 {Frohes Fest!}  c6 {danke gleichfalls}  2.d4 
d5 3.Nc3 dxe4 4.Nxe4 Nf6 5.Nxf6+ exf6 6.c3 Bd6 
7.Nf3 Bg4 8.Be2 Qe7 9.O-O O-O 10.Re1 Qc7 11.h3 Bh5 
12.Nd2 Bxe2 13.Qxe2 Nd7 14.Ne4 Bf4 15.Bxf4 Qxf4 
16.Qe3 Qxe3 17.Rxe3 Rfe8 18.Rae1 Kf8 19.Nd6 Rxe3 
20.Rxe3 b6 21.f4 Rd8 22.Kf2 g6 23.Kf3 f5 24.g4 
fxg4+ 25.hxg4 Nf6 26.Nc4 Nd5 27.Re5 c5 28.dxc5 
bxc5 29.g5 Rd7 30.Ke4 f5+ 31.gxf6 Nxf6+ 32.Kf3 
Rd3+ 33.Ke2 Rd5 34.Rxd5 Nxd5 35.Kf3 Ke7 36.Ne5 a6 
37.a3 Ke6 38.Nd3 Kd6 39.Kg4 Ne3+ 40.Kg5 c4 41.Nf2 
Ke6 42.Ne4 Nd1 43.Nc5+ Kd5 44.Nxa6 Nxb2 45.Kh6 Ke4 
46.Kxh7 Na4 47.Kxg6 Kxf4 48.Nc7 Ke4 49.Nb5 Kd3 
50.Kf5 Nxc3 51.Nd6 Na4 52.Nxc4 {(offering draw)} 
 1/2-1/2

[Event "HCL-A2643"]
[Site "www.playchess.de"]
[Date "2006.03.29"]
[Round "7"]
[White "GCP"]
[Black "Matu"]
[WhiteElo "1454"]
[BlackElo "1565"]
[PlyCount "73"]
[Result "1-0"]

1.e4 {hello, have a good game}  c6 {hello and good 
luck}  2.d4 d5 3.exd5 cxd5 4.c4 Nf6 5.c5 Nc6 6.Bb5 
e6 7.b4 Bd7 8.Bxc6 Bxc6 9.a4 b5 10.Nc3 a5 11.axb5 
axb4 12.Rxa8 Qxa8 13.bxc6 bxc3 14.Ne2 Ne4 15.f3 
Nf6 16.c7 Qc6 17.Nxc3 Qxc7 18.Qa4+ Nd7 19.Nb5 Qc8 
20.Na7 Qc7 21.g3 Be7 22.Bf4 Qb7 23.O-O e5 24.Be3 
exd4 25.Bxd4 O-O 26.c6 Nb6 27.cxb7 Nxa4 28.Nc6 Bd6 
29.Ra1 Nc5 30.Bxc5 Bxc5+ 31.Kg2 Bd6 32.Ra8 d4 
33.Nxd4 g6 34.Nc6 Kg7 35.Rxf8 Kxf8 36.b8Q+ Bxb8 
37.Nxb8 1-0

[Event "HCL-B3890"]
[Site "www.playchess.de"]
[Date "2006.03.29"]
[Round "5"]
[White "MasterStefan"]
[Black "Sporang"]
[WhiteElo "1229"]
[BlackElo "1006"]
[PlyCount "68"]
[Result "1-0"]

1.d4 d5 2.Nf3 Bf5 3.Nc3 e6 4.Bg5 Be7 5.Bxe7 Nxe7 
6.e3 a6 7.Bd3 O-O 8.Bxf5 Nxf5 9.O-O Nc6 10.h3 Nh4 
11.Nxh4 Qxh4 12.Qe1 Nb4 13.Rc1 b6 14.f3 Qg5 15.a3 
Nc6 16.f4 Qf5 17.Qh4 f6 18.Rf3 Ne7 19.Rg3 Ng6 
20.Qg4 Qxg4 21.Rxg4 Rae8 22.g3 f5 23.Rg5 Rf6 24.g4 
h6 25.Rh5 Kh7 26.g5 Rf7 27.gxh6 gxh6 28.Ne2 Rg7 
29.Kh2 c5 30.c4 dxc4 31.Rxc4 cxd4 32.Nxd4 e5 
33.Nxf5 Rf7 34.Rxh6+ Kg8 1-0

[Event "HCL-B3919"]
[Site "www.playchess.de"]
[Date "2006.03.29"]
[Round "10"]
[White "pegasus"]
[Black "RUDI"]
[WhiteElo "1107"]
[BlackElo "1297"]
[PlyCount "62"]
[Result "0-1"]

1.e4 {hello rudi...good luck}  e5 {Hello, same to 
you! Nice name you chose.}  2.Nf3 Nc6 3.Bc4 Bd6 
4.O-O Nf6 5.d3 O-O 6.Ng5 Nd4 7.c3 Ne6 8.Bxe6 fxe6 
9.Nd2 b5 10.a4 c6 11.axb5 cxb5 12.Qb3 Qb6 13.c4 
Bb7 14.Ndf3 Bc6 15.cxb5 Qxb5 16.Qxb5 Bxb5 17.Nh4 
Bc5 18.d4 Bxd4 19.Ra5 a6 20.Rd1 Rac8 21.Be3 Rfe8 
22.Bxd4 exd4 23.h3 d3 24.e5 Nd5 25.Ne4 Rc2 26.Nd6 
Rf8 27.f3 d2 28.Nxb5 axb5 29.Rxb5 Rc1 30.Rb7 Rxd1+ 
31.Kh2 Rb1 0-1

[Event "HCL-C4197"]
[Site "www.playchess.de"]
[Date "2006.03.29"]
[Round "5"]
[White "mudelta"]
[Black "Falcochen"]
[WhiteElo "1189"]
[BlackElo "800"]
[PlyCount "32"]
[Result "0-1"]

1.e4 {hi goodluck}  e5 {goodluck}  2.f4 exf4 3.Nf3 
g5 4.d4 d6 5.Bc4 Nf6 6.Nc3 Bg7 7.h4 g4 8.Ng5 O-O 
9.Bxf4 h6 10.Nxf7 Qe7 11.Nxd6+ Kh8 12.Nf7+ Rxf7 
13.Bxf7 Qxf7 14.Qd3 Na6 15.O-O-O Nb4 16.Qc4 
Qxc4 0-1

[Event "HCL-C4225"]
[Site "www.playchess.de"]
[Date "2006.03.29"]
[Round "11"]
[White "patzer55"]
[Black "Skipper_Robert"]
[WhiteElo "1484"]
[BlackElo "914"]
[PlyCount "71"]
[Result "1-0"]

1.e4 e5 {Hallo!}  2.Nf3 {Hallo!}  d6 3.d4 d5 
4.dxe5 dxe4 5.Qxd8+ Kxd8 6.Ng5 Ke8 7.Nxe4 Nd7 
8.Nbc3 Nxe5 9.Nd5 Kd8 10.Bf4 Bd6 11.Ng5 f6 12.Bxe5 
Ke8 13.Bxd6 cxd6 14.Nc7+ Kd7 15.Nxa8 fxg5 16.O-O-O 
b6 17.Bb5+ Kd8 18.Rxd6+ Ke7 19.Rc6 Nf6 20.Re1+ Kf7 
21.Rc7+ Kg6 22.Rxa7 Bf5 23.Bd3 Bxd3 24.cxd3 Rd8 
25.Nxb6 Rxd3 26.Rd1 Rxd1+ 27.Kxd1 Kh6 28.Ra6 Kh5 
29.f3 g6 30.Nc4 g4 31.Rxf6 g5 32.fxg4+ Kxg4 33.a4 
Kh5 34.a5 h6 35.a6 g4 36.a7 1-0

[Event "HCL-C4195"]
[Site "www.playchess.de"]
[Date "2006.03.29"]
[Round "8"]
[White "rouldf"]
[Black "ray7101"]
[WhiteElo "1200"]
[BlackElo "800"]
[PlyCount "70"]
[Result "0-1"]

1.d4 Nf6 2.c4 e6 3.Nc3 d5 4.Bg5 Nbd7 5.e3 c6 6.Nf3 
h6 7.Bh4 g5 {Where are you located in this big old 
world.  I live in the state of Missouri in USA.}  
8.Bg3 Nh5 9.Be2 Nxg3 10.fxg3 g4 11.Nd2 Qg5 12.e4 
e5 13.exd5 exd4 14.Nce4 {Philippines is a part of 
Southeast Asia with 85 millions population. How 
are you doing?
}  Qe3 {I am doing fantastic.  Have you ever heard 
of a company in the Philippines called Black & 
Veatch?}  15.Qb3 {Never heard, what about this 
co.?}  f5 {It is my company I work for and they 
have an office over there.}  16.Nf2 {Great. is it 
located in Metro Manila or somewhere in the 
south?}  Bg7 {I will get the exact address for you 
tomorrow and let you know.}  17.Nd1 {Ok thanks, 
you play good.}  Qe7 {Not all that well.}  18.Nf2 
O-O 19.d6 Qe6 20.Nd3 c5 21.Nf4 Qxd6 22.O-O Ne5 
23.Rae1 d3 24.Nxd3 Nxd3 25.Bxd3 Rd8 26.Re3 Bd4 
27.Rfe1 Bxe3+ 28.Rxe3 Qd4 29.Nf1 Re8 30.Bc2 Be6 
31.Qc3 Bxc4 32.Qxd4 cxd4 33.Rxe8+ Rxe8 34.b3 Ba6 
35.h3 Re1 0-1

[Event "HCL-E1606"]
[Site "www.playchess.de"]
[Date "2006.03.29"]
[Round "8"]
[White "C4M3L"]
[Black "Groucho_hunter"]
[WhiteElo "2000"]
[BlackElo "1795"]
[PlyCount "39"]
[Result "1-0"]

1.d4 Nf6 2.c4 e5 3.dxe5 Ng4 4.Nf3 Bc5 5.e3 Nc6 
6.Be2 Ncxe5 7.Nc3 Nxf2 8.Kxf2 Ng4+ 9.Kf1 Bxe3 
10.h3 Nf2 11.Qe1 Bxc1 12.Bd3+ Kf8 13.Qxf2 Bh6 
14.Ne5 f6 15.Ng4 Bg5 16.h4 d6 17.hxg5 Bxg4 18.gxf6 
gxf6 19.Nd5 Kg7 20.Re1 1-0

[Event "HCL-E1566"]
[Site "www.playchess.de"]
[Date "2006.03.29"]
[Round "6"]
[White "Baldrick"]
[Black "Matu"]
[WhiteElo "1703"]
[BlackElo "1521"]
[PlyCount "116"]
[Result "1/2-1/2"]

1.e4 {Greetings!}  c6 {hi and good luck}  2.d3 
{You too!}  d5 3.Nf3 dxe4 4.Nfd2 exd3 5.Bxd3 Nf6 
6.O-O Bg4 7.Nf3 e6 8.Bg5 Be7 9.Nc3 Nd5 10.Bxe7 
Nxc3 11.Bxd8 Nxd1 12.Raxd1 Bxf3 13.gxf3 Kxd8 
14.Bxh7+ Ke7 15.Be4 Nd7 16.Kg2 Rad8 17.c3 Nf6 
18.Rfe1 Nd5 19.Bxd5 Rxd5 20.Rxd5 cxd5 21.Kg3 a5 
22.a4 Kd6 23.f4 Kc5 24.b3 b5 25.b4+ axb4 26.cxb4+ 
Kxb4 27.axb5 Kxb5 28.Rb1+ Kc6 29.Rc1+ Kd7 30.Ra1 
Ke7 31.Ra7+ Kf6 32.Rd7 g6 33.h4 Rf8 34.Kg4 Ra8 
35.f3 Ra4 36.Kg3 Ra1 37.Kg2 Rd1 38.Kf2 Rd2+ 39.Kg3 
d4 40.Kh3 d3 41.Kg3 Rd1 42.Kf2 e5 43.fxe5+ Ke6 
44.Rd8 Kxe5 45.Ke3 f5 46.f4+ Ke6 47.Rd4 Rh1 
48.Kxd3 Rxh4 49.Ra4 Rg4 50.Ke3 Kd5 51.Kf3 Kc5 
52.Ra6 Kb5 53.Re6 Kc4 54.Rd6 Kc5 55.Rd1 Kc4 56.Rd6 
Rg1 57.Kf2 Kc5 58.Ra6 Rg4 {(offering draw)} 
 1/2-1/2